000 00269nam a2200109Ia 4500
001 588800
005 20250717120838.0
008 250717s9999 xx 000 0 und d
245 0 _aV-13 ULUÇ REİS
_cİSMAİL BİLGİN
260 _bTİMAŞ YAYINLARI
_c2018
300 _b96
999 _c588800
_d588800